[Event "Mar del Plata op 39th"]
[Site "Mar del Plata"]
[Date "2008.03.19"]
[Round "6"]
[White "Miracca, Juan Pablo"]
[Black "Lovece, Ruth"]
[Result "1-0"]
[WhiteElo "2265"]
[BlackElo "2006"]
[PlyCount "95"]
[EventDate "2008.03.15"]
[EventType "swiss"]
[EventRounds "9"]
[EventCountry "ARG"]
[SourceTitle "CBM 123 Extra"]
[Source "ChessBase"]
[SourceDate "2008.05.06"]
[SourceVersion "1"]
[SourceVersionDate "2008.05.06"]
[SourceQuality "1"]

1. e4 c5 2. f4 g6 3. Nf3 Bg7 4. Nc3 Nc6 5. Bc4 e6 6. d3 Nge7 7. f5 0-0 8. Bg5 f6 9. fxe6 dxe6 10. Be3 b6 11. a3 Nd4 12. Qd2 Nec6 13. Ba2 Kh8 14. h4 Nxf3+ 15. gxf3 Ne5 16. 0-0-0 h5 17. Qg2 Qe8 18. Kb1 Kh7 19. Ne2 Bh6 20. Bxh6 Kxh6 21. Nf4 Rg8 22. Rhg1 Rb8 23. c3 Rb7 24. d4 cxd4 25. cxd4 Nc6 26. Ka1 Rgg7 27. d5 exd5 28. Nxd5 Qf8 29. Qd2+ Kh7 30. Qf4 Rbf7 31. Rc1 Bb7 32. Rc3 Nd4 33. Qd2 Nc6 34. f4 Rd7 35. Rcg3 Na5 36. Qg2 Bxd5 37. Bxd5 Qe8 38. f5 Rxd5 39. exd5 Nc4 40. fxg6+ Kh8 41. Qc2 Nd6 42. Qc3 Ne4 43. Re3 f5 44. Rg5 Qd8 45. Rxh5+ Kg8 46. Qc6 Nd6 47. Re6 Rd7 48. Rh7 1-0

[Event "Buenos Aires GEBA-B"]
[Site "Buenos Aires"]
[Date "1991.??.??"]
[Round "7"]
[White "Suarez Munilla, Jose Luis"]
[Black "Miracca, Juan Pablo"]
[Result "0-1"]
[WhiteElo "2300"]
[BlackElo "2265"]
[PlyCount "81"]
[EventDate "1991.??.??"]
[EventType "tourn"]
[EventRounds "9"]
[EventCountry "ARG"]
[EventCategory "3"]
[SourceTitle "EXT 2004"]
[Source "ChessBase"]
[SourceDate "2003.11.25"]
[SourceVersion "1"]
[SourceVersionDate "2003.11.25"]
[SourceQuality "1"]

1. d4 e6 2. c4 d5 3. Nc3 f5 4. g3 Nf6 5. Bg2 c6 6. Nh3 Be7 7. 0-0 0-0 8. Qc2 Nbd7 9. Nf4 Nb6 10. c5 Nc4 11. b3 Na5 12. Nd3 b6 13. Bf4 bxc5 14. Nxc5 Bxc5 15. dxc5 Nb7 16. b4 Qe7 17. Bg5 h6 18. Bxf6 Qxf6 19. e3 Bd7 20. Rab1 Rfc8 21. f4 Kh8 22. Ne2 a5 23. a3 axb4 24. axb4 Ra3 25. Rb3 Rca8 26. Rfb1 g5 27. Qb2 Qxb2 28. R1xb2 Kg7 29. Rxa3 Rxa3 30. Kf2 Kf6 31. Nd4 e5 32. fxe5+ Kxe5 33. Nf3+ Kf6 34. Bf1 Nd8 35. Nd4 Ne6 36. Bg2 f4 37. Nxe6 fxe3+ 38. Ke2 Bxe6 39. b5 d4 40. Rb1 Bc4+ 41. Kf3 0-1